Business Intelligence (Record no. 2026)

MARC details
000 -LEADER
fixed length control field 00328nam a22001337a 4500
008 - FIXED-LENGTH DATA ELEMENTS--GENERAL INFORMATION
fixed length control field 250303b |||||||| |||| 00| 0 eng d
020 ## - INTERNATIONAL STANDARD BOOK NUMBER
ISBN 9780620419079
100 ## - MAIN ENTRY--AUTHOR
Author IMEVBORE, Emmanuel DR.
245 ## - TITLE STATEMENT
Title Business Intelligence
260 ## - PUBLICATION, DISTRIBUTION, ETC. (IMPRINT)
Place of publication South Africa
Name of publisher Interpak
Date of publication 2008
300 ## - COLLATION
Pagination 55p.
942 ## - ADDED ENTRY ELEMENTS (KOHA)
Item type Books
050 ## - LIBRARY OF CONGRESS CALL NUMBER
Classification number HD950.2
Item number .I54
Holdings
Source of classification or shelving scheme Not for loan Permanent location Current location Date acquired Accession No. Full call number Barcode. Koha item type
Library of Congress Classification   Samuel Ogbemudia Main Library, University of Abuja Samuel Ogbemudia Main Library, University of Abuja 03/03/2025 2009/39581 HD950.2.I54 2025-0167 Books